| 000 | 03020ngm a2200457 4500 | ||
|---|---|---|---|
| 003 | dpl | ||
| 005 | 20080723110517.0 | ||
| 007 | dvd | ||
| 008 | ||||||sp199 xxu|||||c|||| 00| 0 eng d | ||
| 010 | _aDVD-000222-224 & DVD-005342-5346 | ||
| 024 |
_a29984 _c599.00, 299.00 (revised Price) |
||
| 035 | _aDVD-000222-224 | ||
| 035 | _aDVD-005342-5346 | ||
| 040 |
_aDPL _cDPL |
||
| 082 | _aDVD / ERAG | ||
| 245 |
_aEragon _cFox 2000 Picrute Presents _h[videorecording] DVD/ |
||
| 250 | _a2-Dics special edition | ||
| 260 | _bFox 2000 Picture | ||
| 300 |
_a2 videodisc DVD; (103:58 min.) : _bsd., col. ; _c4 3/4 in. _fDVD |
||
| 500 | _aKids..are more likely to enjoy the magical mystery ride. | ||
| 500 | _aSole Distributor in India M/s. Excel Productions Autio Visuals Pvt. Ltd. | ||
| 538 | _aDolby Digital 5.1-English, Subtitles: English, Italian, German, Castilliam Spanish, Danish, Finnish, Norwegian & Swedish | ||
| 538 | _aAspect Ratio: 2.35:1, Presentation type: Wide Screne, Presentation Size 16x9, Format DVD 9 Dual Layer Single Sided Disc. | ||
| 650 | _aMotion Picture | ||
| 700 | _aIronis, Jeremy | ||
| 700 | _aGullory, Sienia | ||
| 700 | _aCarlyle, Robert | ||
| 700 | _aHounsou, Djimon | ||
| 700 | _aHedluno, Garaett | ||
| 942 |
_cCF _2ddc _hDVD _mERAG |
||
| 999 |
_c15285 _d15285 |
||